Marketing zdravotníckeho zariadenia diplomová práca

Guardado en:
Detalles Bibliográficos
Autor principal: Stehlíková, Ivana
Autor Corporativo: Obchodná fakulta EU. Katedra marketingu
Otros Autores: Žák, Štefan, 1971-
Formato: Libro
Lenguaje:eslovaco
Publicado: Bratislava 2011
Etiquetas: Agregar Etiqueta
Sin Etiquetas, Sea el primero en etiquetar este registro!

MARC

LEADER 00000nbm a2200000 4500
001 0142971
005 20170315090429.1
041 0 |a slo 
044 |a SK 
245 1 0 |a Marketing zdravotníckeho zariadenia  |b diplomová práca  |c Ivana Stehlíková ; školiteľ: Štefan Žák 
264 1 |a Bratislava  |c 2011 
300 |a 77 s. 
100 1 |a Stehlíková, Ivana 
700 1 |a Žák, Štefan, 1971- 
710 2 |a Obchodná fakulta EU. Katedra marketingu